• 首页
  • 本馆介绍
  • 公告通知
  • 最新文献
  • 馆藏检索
  • 电子资源
  • 读者导购
  • 参考咨询
  • 我的图书馆
  • 登录
  • 详细信息显示
  • 放入我的书架
  • 预约/预借图书
  • 作者相关作品
  • 分类相关作品
  • 丛书相关作品
  • 出版社相关作品

书目信息

  • 表格格式
  • 工作单格式
  • 卡片格式
题名:
排舞运动
    
 
作者: 李遵 编著
分册:  
出版信息: 北京   人民体育出版社  2013
页数: 183页
开本: 24cm
丛书名:
单 册:
中图分类: J732.8 , G831.3
科图分类:
主题词: 体育舞蹈 , 体操
电子资源:
ISBN: 978-7-5009-4454-6
000 00959nam0 2200301 450
001 1556118117
005 20150706153634.79
010    @a978-7-5009-4454-6@dCNY35.00
090    @aJ732@blz
096    @aG831@blz
100    @a20130710d2013 em y0chiy50 ea
101 0  @achi@aeng
102    @aCN@b110000
105    @ay z 000yy
106    @ar
200 1  @a排舞运动@b专著@f李遵编著@Apai wu yun dong
210    @a北京@c人民体育出版社@d2013
215    @a183页@d24cm@e1光盘
307    @a附光盘:ISBN 978-7-88721-885-8
330    @a本书系统、全面地介绍了排舞运动的概述、排舞运动的分类与特点、排舞运动的曲目的风格、排舞运动的术语、排舞运动的舞谱与曲目的创编、教学、竞赛以及曲目等内容。
606 0  @a体育舞蹈
606 0  @a体操
610 0  @a排舞
690    @aJ732.8@v5
690    @aG831.3@v4
701  0 @a李遵@c(女,@f1968~)@4编著@Ali zun
801  0 @aCN@b大连网信软件有限公司图书馆·11@c20150706
905    @aZUCC@dG831.3@et33
    
    排舞运动/李遵编著.-北京:人民体育出版社,2013
    183页;24cm+1光盘
    
    
    ISBN 978-7-5009-4454-6:CNY35.00
    本书系统、全面地介绍了排舞运动的概述、排舞运动的分类与特点、排舞运动的曲目的风格、排舞运动的术语、排舞运动的舞谱与曲目的创编、教学、竞赛以及曲目等内容。
●
相关链接 在E读中查询图书 在五车中查询图书 在当当中查询图书 在豆瓣中查询图书


正题名:排舞运动     索取号:G831.3/t33         预约/预借

序号 登录号 条形码 馆藏地/架位号 状态 备注
1 6940342   269403424   密集书库-体育系/ [索取号:G831.3/t33] 在馆    
2 6940343   269403433   密集书库-体育系/ [索取号:G831.3/t33] 在馆    
3 6940344   269403442   密集书库-体育系/ [索取号:G831.3/t33] 在馆    
唐山师范学院图书馆 欢迎您!
大连网信软件有限公司© 版权所有